Interventions following mass violence and disasters: strategies for mental healt (Record no. 5393)
[ view plain ]
| 000 -LEADER | |
|---|---|
| fixed length control field | 00581nam a2200193Ia 4500 |
| 020 ## - INTERNATIONAL STANDARD BOOK NUMBER | |
| ISBN | 1-59385-256-8 |
| 082 ## - DEWEY DECIMAL CLASSIFICATION NUMBER | |
| Classification number | 616.8521 INV- |
| 245 #0 - TITLE STATEMENT | |
| Title | Interventions following mass violence and disasters: strategies for mental healt |
| 260 ## - PUBLICATION, DISTRIBUTION, ETC. (IMPRINT) | |
| Place of publication | New York |
| Name of publisher | The Guilford Press |
| Year of publication | 2006 |
| 300 ## - PHYSICAL DESCRIPTION | |
| Number of Pages | xvii, 430 |
| 504 ## - BIBLIOGRAPHY, ETC. NOTE | |
| Bibliography, etc | includes index |
| 650 ## - SUBJECT ADDED ENTRY--TOPICAL TERM | |
| Topical Term | Post-traumatic stress disorder |
| Form subdivision | Treatment |
| 650 ## - SUBJECT ADDED ENTRY--TOPICAL TERM | |
| Topical Term | Psychic trauma |
| Form subdivision | Treatment |
| 650 ## - SUBJECT ADDED ENTRY--TOPICAL TERM | |
| Topical Term | Psychotherapy |
| 700 ## - ADDED ENTRY--PERSONAL NAME | |
| Personal name | Friedman, Matthew J. |
| 700 ## - ADDED ENTRY--PERSONAL NAME | |
| Personal name | Ritchie, Elspeth Cameron |
| 700 ## - ADDED ENTRY--PERSONAL NAME | |
| Personal name | Watson, Patricia J. |
| 942 ## - ADDED ENTRY ELEMENTS (KOHA) | |
| Koha item type | Books |
| Withdrawn status | Lost status | Damaged status | Not for loan | Home library | Current library | Date acquired | Source of acquisition | Bill Date | Full call number | Accession Number | Price effective from | Koha item type |
|---|---|---|---|---|---|---|---|---|---|---|---|---|
| NASSDOC Library | NASSDOC Library | 24/01/2007 | VIBHA | 2006-12-18 | 616.8521 INV- | 43128 | 18/04/2019 | Books |
